[Event "DVM U14 2024"]
[Site "Heidelberg GER"]
[Date "2024.12.30"]
[Round "7"]
[White "Ollhoff, Hannes"]
[Black "Han, Erdem"]
[Result "1/2-1/2"]
[Termination "normal"]
[Board "6.1"]
[WhiteElo "1801"]
[BlackElo "1751"]
[WhiteClock "00:22:17"]
[BlackClock "00:21:40"]
[WhiteTeam "TSG Oberschöneweide"]
[BlackTeam "SSV Vimaria 91 Weimar"]
[PlyCount "85"]
[WhiteFideId "16266927"]
[BlackFideId "533000646"]
[EventCountry "GER"]
[EventRounds "7"]
[EventType "team-swiss"]
[EventDate "2024.12.26"]

1. d4 {[%clk 01:30:55]} {[%emt 00:00:04]} d5 {[%clk 01:30:55]} {[%emt
00:00:06]} 2. c4 {[%clk 01:31:22]} {[%emt 00:00:04]} c6 {[%clk 01:31:19]}
{[%emt 00:00:06]} 3. cxd5 {[%clk 01:31:48]} {[%emt 00:00:04]} cxd5 {[%clk
01:31:29]} {[%emt 00:00:20]} 4. Bg5 {[%clk 01:31:31]} {[%emt 00:00:46]} Nf6
{[%clk 01:30:26]} {[%emt 00:01:34]} 5. Bxf6 {[%clk 01:31:43]} {[%emt 00:00:19]}
exf6 {[%clk 01:30:17]} {[%emt 00:00:38]} 6. Nc3 {[%clk 01:30:07]} {[%emt
00:02:06]} Nc6 {[%clk 01:29:04]} {[%emt 00:01:43]} 7. e3 {[%clk 01:29:25]}
{[%emt 00:01:11]} Be6 {[%clk 01:26:52]} {[%emt 00:02:41]} 8. a3 {[%clk
01:25:46]} {[%emt 00:04:11]} Be7 {[%clk 01:18:38]} {[%emt 00:08:43]} 9. Bd3
{[%clk 01:24:45]} {[%emt 00:01:31]} O-O {[%clk 01:18:03]} {[%emt 00:01:05]} 10.
Nge2 {[%clk 01:23:38]} {[%emt 00:01:37]} Qd7 {[%clk 01:13:48]} {[%emt
00:04:46]} 11. Nf4 {[%clk 01:18:37]} {[%emt 00:05:31]} f5 {[%clk 01:11:34]}
{[%emt 00:02:44]} 12. Qf3 {[%clk 01:09:07]} {[%emt 00:10:00]} Rfd8 {[%clk
01:07:25]} {[%emt 00:04:37]} 13. O-O {[%clk 01:02:03]} {[%emt 00:07:35]} Bf8
{[%clk 00:57:05]} {[%emt 00:10:50]} 14. Rac1 {[%clk 00:55:58]} {[%emt
00:06:35]} a6 {[%clk 00:53:53]} {[%emt 00:03:43]} 15. Bb1 {[%clk 00:48:49]}
{[%emt 00:07:39]} g6 {[%clk 00:44:05]} {[%emt 00:10:16]} 16. Ba2 {[%clk
00:43:00]} {[%emt 00:06:21]} Ne7 {[%clk 00:44:20]} {[%emt 00:00:14]} 17. Nd3
{[%clk 00:39:52]} {[%emt 00:03:38]} Nc6 {[%clk 00:41:00]} {[%emt 00:03:51]} 18.
Nf4 {[%clk 00:39:29]} {[%emt 00:00:52]} Ne7 {[%clk 00:41:12]} {[%emt 00:00:18]}
19. h4 {[%clk 00:33:37]} {[%emt 00:06:22]} h5 {[%clk 00:39:12]} {[%emt
00:02:31]} 20. Rc2 {[%clk 00:28:28]} {[%emt 00:05:39]} Rac8 {[%clk 00:34:20]}
{[%emt 00:05:21]} 21. Rfc1 {[%clk 00:27:28]} {[%emt 00:01:30]} b6 {[%clk
00:33:23]} {[%emt 00:01:28]} 22. Bb3 {[%clk 00:18:31]} {[%emt 00:09:27]} Bg7
{[%clk 00:29:55]} {[%emt 00:03:57]} 23. Nd3 {[%clk 00:12:58]} {[%emt 00:06:05]}
Kh7 {[%clk 00:25:27]} {[%emt 00:04:58]} 24. Nb4 {[%clk 00:10:21]} {[%emt
00:03:07]} Qb7 {[%clk 00:24:56]} {[%emt 00:01:00]} 25. Ne2 {[%clk 00:08:28]}
{[%emt 00:02:24]} Rxc2 {[%clk 00:24:06]} {[%emt 00:01:19]} 26. Rxc2 {[%clk
00:08:18]} {[%emt 00:00:41]} a5 {[%clk 00:23:57]} {[%emt 00:00:39]} 27. Nd3
{[%clk 00:06:30]} {[%emt 00:02:18]} Bf6 {[%clk 00:23:10]} {[%emt 00:01:16]} 28.
g3 {[%clk 00:05:53]} {[%emt 00:01:08]} Kg7 {[%clk 00:23:09]} {[%emt 00:00:30]}
29. Ndf4 {[%clk 00:04:04]} {[%emt 00:02:19]} Kf8 {[%clk 00:13:41]} {[%emt
00:09:59]} 30. Nc3 {[%clk 00:03:31]} {[%emt 00:01:03]} Kg7 {[%clk 00:12:52]}
{[%emt 00:01:19]} 31. Nb5 {[%clk 00:02:31]} {[%emt 00:01:31]} Rd7 {[%clk
00:13:12]} {[%emt 00:00:10]} 32. Ba4 {[%clk 00:02:09]} {[%emt 00:00:53]} Kh7
{[%clk 00:11:34]} {[%emt 00:02:08]} 33. Nd3 {[%clk 00:01:32]} {[%emt 00:01:07]}
Qb8 {[%clk 00:09:21]} {[%emt 00:02:41]} 34. Kg2 {[%clk 00:01:28]} {[%emt
00:00:36]} Kg7 {[%clk 00:09:02]} {[%emt 00:00:49]} 35. Kg1 {[%clk 00:01:10]}
{[%emt 00:00:48]} Kh7 {[%clk 00:09:20]} {[%emt 00:00:12]} 36. Kg2 {[%clk
00:01:09]} {[%emt 00:00:32]} Nc8 {[%clk 00:08:19]} {[%emt 00:01:30]} 37. Nc3
{[%clk 00:01:11]} {[%emt 00:00:28]} Rd8 {[%clk 00:07:09]} {[%emt 00:01:39]} 38.
Nf4 {[%clk 00:00:59]} {[%emt 00:00:42]} Ne7 {[%clk 00:05:40]} {[%emt 00:01:59]}
39. Nb5 {[%clk 00:01:03]} {[%emt 00:00:27]} Rd7 {[%clk 00:03:10]} {[%emt
00:02:58]} 40. Nc3 {[%clk 00:01:23]} {[%emt 00:00:11]} Rd8 {[%clk 00:01:56]}
{[%emt 00:01:41]} 41. Qe2 {[%clk 00:27:07]} {[%emt 00:04:50]} Kg7 {[%clk
00:26:13]} {[%emt 00:06:12]} 42. Bb3 {[%clk 00:24:31]} {[%emt 00:03:06]} Qb7
{[%clk 00:21:40]} {[%emt 00:05:02]} 43. Qf3 {[%clk 00:22:17]} {[%emt 00:02:45]}
1/2-1/2

[Event "DVM U14 2024"]
[Site "Heidelberg GER"]
[Date "2024.12.30"]
[Round "7"]
[White "Bock, Leonas"]
[Black "Schriefer, Leo Hans"]
[Result "0-1"]
[Termination "normal"]
[Board "6.2"]
[WhiteElo "1668"]
[BlackElo "1477"]
[WhiteClock "00:05:41"]
[BlackClock "00:11:59"]
[WhiteTeam "SSV Vimaria 91 Weimar"]
[BlackTeam "TSG Oberschöneweide"]
[PlyCount "116"]
[WhiteFideId "16287118"]
[BlackFideId "16266935"]
[EventCountry "GER"]
[EventRounds "7"]
[EventType "team-swiss"]
[EventDate "2024.12.26"]

1. d4 {[%clk 01:30:53]} {[%emt 00:00:06]} d5 {[%clk 01:30:08]} {[%emt
00:00:53]} 2. c4 {[%clk 01:31:06]} {[%emt 00:00:16]} e6 {[%clk 01:29:49]}
{[%emt 00:00:50]} 3. Nc3 {[%clk 01:30:28]} {[%emt 00:01:08]} c5 {[%clk
01:29:51]} {[%emt 00:00:28]} 4. e3 {[%clk 01:23:18]} {[%emt 00:07:39]} Nf6
{[%clk 01:28:12]} {[%emt 00:02:09]} 5. Bd3 {[%clk 01:21:12]} {[%emt 00:02:37]}
Nc6 {[%clk 01:26:56]} {[%emt 00:01:45]} 6. Nf3 {[%clk 01:14:30]} {[%emt
00:07:11]} Be7 {[%clk 01:14:58]} {[%emt 00:12:27]} 7. O-O {[%clk 01:13:18]}
{[%emt 00:01:43]} O-O {[%clk 01:15:22]} {[%emt 00:00:06]} 8. b3 {[%clk
00:58:46]} {[%emt 00:15:03]} cxd4 {[%clk 01:13:21]} {[%emt 00:02:31]} 9. exd4
{[%clk 00:57:52]} {[%emt 00:01:24]} b6 {[%clk 01:11:18]} {[%emt 00:02:33]} 10.
Re1 {[%clk 00:49:38]} {[%emt 00:08:44]} Bb4 {[%clk 01:10:39]} {[%emt 00:01:09]}
11. Bd2 {[%clk 00:44:51]} {[%emt 00:05:17]} dxc4 {[%clk 01:07:56]} {[%emt
00:03:13]} 12. Bxc4 {[%clk 00:29:45]} {[%emt 00:15:36]} Nxd4 {[%emt 00:08:04]}
13. Nxd4 {[%clk 00:13:08]} {[%emt 00:10:29]} Qxd4 {[%clk 01:06:53]} {[%emt
00:00:38]} 14. Qc2 {[%clk 00:12:32]} {[%emt 00:01:07]} Bb7 {[%clk 01:05:16]}
{[%emt 00:02:03]} 15. Qd3 {[%clk 00:02:58]} {[%emt 00:10:07]} Rfd8 {[%clk
00:56:30]} {[%emt 00:09:16]} 16. Qxd4 {[%clk 00:02:55]} {[%emt 00:00:32]} Rxd4
{[%clk 00:56:59]} {[%emt 00:00:02]} 17. a3 {[%clk 00:01:26]} {[%emt 00:01:59]}
Bc5 {[%clk 00:52:04]} {[%emt 00:05:25]} 18. Be3 {[%clk 00:00:56]} {[%emt
00:01:01]} Rg4 {[%clk 00:51:44]} {[%emt 00:00:49]} 19. g3 {[%clk 00:00:56]}
{[%emt 00:00:30]} Bxe3 {[%clk 00:50:53]} {[%emt 00:01:22]} 20. Rxe3 {[%clk
00:01:04]} {[%emt 00:00:22]} Rd4 {[%clk 00:49:34]} {[%emt 00:01:45]} 21. Rae1
{[%clk 00:00:40]} {[%emt 00:00:58]} h6 {[%clk 00:48:01]} {[%emt 00:02:04]} 22.
Rd3 {[%clk 00:00:33]} {[%emt 00:00:36]} Rxd3 {[%clk 00:46:44]} {[%emt
00:01:47]} 23. Bxd3 {[%clk 00:01:00]} {[%emt 00:00:03]} Rd8 {[%clk 00:46:04]}
{[%emt 00:01:09]} 24. Rd1 {[%clk 00:00:34]} {[%emt 00:00:57]} Kf8 {[%clk
00:43:35]} {[%emt 00:02:59]} 25. Kf1 {[%clk 00:00:33]} {[%emt 00:00:31]} Rxd3
{[%clk 00:42:28]} {[%emt 00:01:36]} 26. Rxd3 {[%clk 00:00:44]} {[%emt
00:00:20]} Ba6 {[%clk 00:42:53]} {[%emt 00:00:05]} 27. Ke2 {[%clk 00:00:46]}
{[%emt 00:00:29]} Ng4 {[%clk 00:43:03]} {[%emt 00:00:19]} 28. Kd2 {[%clk
00:00:34]} {[%emt 00:00:41]} Bxd3 {[%clk 00:43:18]} {[%emt 00:00:16]} 29. Kxd3
{[%clk 00:01:03]} {[%emt 00:00:01]} Ke7 {[%clk 00:42:26]} {[%emt 00:01:23]} 30.
f3 {[%clk 00:00:33]} {[%emt 00:00:59]} Nf6 {[%clk 00:41:09]} {[%emt 00:01:47]}
31. Kd4 {[%clk 00:00:32]} {[%emt 00:00:31]} Kd7 {[%clk 00:40:43]} {[%emt
00:00:56]} 32. a4 {[%clk 00:00:32]} {[%emt 00:00:30]} Kc6 {[%clk 00:39:41]}
{[%emt 00:01:32]} 33. Kc4 {[%clk 00:00:32]} {[%emt 00:00:30]} Nd7 {[%clk
00:30:37]} {[%emt 00:09:30]} 34. f4 {[%clk 00:00:33]} {[%emt 00:00:33]} e5
{[%clk 00:30:08]} {[%emt 00:00:59]} 35. f5 {[%clk 00:00:32]} {[%emt 00:00:31]}
Nf6 {[%clk 00:29:26]} {[%emt 00:01:09]} 36. h3 {[%clk 00:00:32]} {[%emt
00:00:33]} a6 {[%clk 00:21:04]} {[%emt 00:08:52]} 37. g4 {[%clk 00:00:32]}
{[%emt 00:00:30]} Ne8 {[%clk 00:09:20]} {[%emt 00:12:13]} 38. Ne4 {[%clk
00:00:32]} {[%emt 00:00:30]} Nd6+ {[%clk 00:08:18]} {[%emt 00:01:32]} 39. Nxd6
{[%clk 00:00:33]} {[%emt 00:00:29]} Kxd6 {[%clk 00:08:43]} {[%emt 00:00:05]}
40. b4 {[%clk 00:00:38]} {[%emt 00:00:26]} b5+ {[%clk 00:00:37]} {[%emt
00:08:36]} 41. axb5 {[%clk 00:25:16]} {[%emt 00:05:51]} axb5+ {[%clk 00:31:00]}
{[%emt 00:00:08]} 42. Kxb5 {[%clk 00:22:37]} {[%emt 00:03:08]} Kd5 {[%clk
00:30:31]} {[%emt 00:01:00]} 43. Ka6 {[%clk 00:23:02]} {[%emt 00:00:05]} e4
{[%clk 00:30:34]} {[%emt 00:00:26]} 44. b5 {[%clk 00:23:28]} {[%emt 00:00:05]}
e3 {[%clk 00:30:58]} {[%emt 00:00:06]} 45. b6 {[%clk 00:23:54]} {[%emt
00:00:04]} e2 {[%clk 00:31:20]} {[%emt 00:00:08]} 46. b7 {[%clk 00:24:19]}
{[%emt 00:00:05]} e1=Q {[%clk 00:31:38]} {[%emt 00:00:12]} 47. b8=Q {[%emt
00:00:18]} Qa1+ {[%emt 00:00:07]} 48. Kb6 {[%clk 00:23:07]} {[%emt 00:01:17]}
Qb2+ {[%clk 00:31:58]} {[%emt 00:00:09]} 49. Kc7 {[%clk 00:23:33]} {[%emt
00:00:05]} Qxb8+ {[%clk 00:31:24]} {[%emt 00:01:04]} 50. Kxb8 {[%clk 00:23:57]}
{[%emt 00:00:06]} g6 {[%clk 00:31:46]} {[%emt 00:00:08]} 51. fxg6 {[%clk
00:07:18]} {[%emt 00:17:09]} fxg6 {[%clk 00:32:07]} {[%emt 00:00:10]} 52. Kc7
{[%clk 00:06:13]} {[%emt 00:01:36]} g5 {[%clk 00:11:38]} {[%emt 00:20:58]} 53.
Kd7 {[%clk 00:04:49]} {[%emt 00:01:53]} Ke5 {[%clk 00:11:50]} {[%emt 00:00:19]}
54. Kc6 {[%clk 00:05:05]} {[%emt 00:00:15]} Kf4 {[%clk 00:10:58]} {[%emt
00:01:22]} 55. Kd5 {[%clk 00:05:14]} {[%emt 00:00:20]} Kg3 {[%clk 00:11:19]}
{[%emt 00:00:08]} 56. Ke4 {[%clk 00:05:31]} {[%emt 00:00:13]} Kxh3 {[%clk
00:11:39]} {[%emt 00:00:10]} 57. Kf3 {[%clk 00:05:58]} {[%emt 00:00:04]} Kh4
{[%clk 00:11:59]} {[%emt 00:00:10]} 58. Kf2 {[%clk 00:05:41]} {[%emt 00:00:47]}
Kxg4 {[%emt 00:01:54]} 0-1

[Event "DVM U14 2024"]
[Site "Heidelberg GER"]
[Date "2024.12.30"]
[Round "7"]
[White "Nguyen, Bach Khoi"]
[Black "Berbig, Georg"]
[Result "1-0"]
[Termination "normal"]
[Board "6.3"]
[WhiteElo "1590"]
[BlackElo "1666"]
[WhiteClock "00:25:47"]
[BlackClock "00:06:36"]
[WhiteTeam "TSG Oberschöneweide"]
[BlackTeam "SSV Vimaria 91 Weimar"]
[PlyCount "105"]
[WhiteFideId "34600256"]
[BlackFideId "34640401"]
[EventCountry "GER"]
[EventRounds "7"]
[EventType "team-swiss"]
[EventDate "2024.12.26"]

1. e4 {[%clk 01:30:56]} {[%emt 00:00:04]} e5 {[%clk 01:30:52]} {[%emt
00:00:08]} 2. Nf3 {[%clk 01:31:14]} {[%emt 00:00:11]} Nc6 {[%clk 01:31:15]}
{[%emt 00:00:08]} 3. Bc4 {[%clk 01:31:37]} {[%emt 00:00:07]} Bc5 {[%clk
01:30:54]} {[%emt 00:00:50]} 4. c3 {[%clk 01:31:46]} {[%emt 00:00:22]} Nf6
{[%clk 01:30:43]} {[%emt 00:00:41]} 5. d3 {[%clk 01:32:07]} {[%emt 00:00:09]}
d6 {[%clk 01:29:06]} {[%emt 00:02:06]} 6. O-O {[%clk 01:31:31]} {[%emt
00:01:05]} Bg4 {[%clk 01:23:36]} {[%emt 00:06:00]} 7. Nbd2 {[%clk 01:30:48]}
{[%emt 00:01:14]} a6 {[%clk 01:16:36]} {[%emt 00:07:30]} 8. Bb3 {[%clk
01:31:08]} {[%emt 00:00:10]} Qd7 {[%clk 01:11:52]} {[%emt 00:05:14]} 9. Re1
{[%clk 01:27:03]} {[%emt 00:04:35]} O-O {[%clk 01:05:27]} {[%emt 00:06:55]} 10.
Nf1 {[%clk 01:26:24]} {[%emt 00:01:10]} d5 {[%clk 00:47:15]} {[%emt 00:18:42]}
11. Qe2 {[%clk 01:23:27]} {[%emt 00:03:27]} d4 {[%clk 00:41:46]} {[%emt
00:05:59]} 12. h3 {[%clk 01:22:56]} {[%emt 00:01:01]} Be6 {[%clk 00:37:31]}
{[%emt 00:04:45]} 13. Bc2 {[%clk 01:18:30]} {[%emt 00:04:56]} h6 {[%clk
00:34:21]} {[%emt 00:03:40]} 14. Ng3 {[%clk 01:17:09]} {[%emt 00:01:51]} Nh7
{[%clk 00:27:30]} {[%emt 00:07:21]} 15. Nh4 {[%clk 01:14:20]} {[%emt 00:03:19]}
Ne7 {[%clk 00:24:54]} {[%emt 00:03:06]} 16. Bb3 {[%clk 01:02:56]} {[%emt
00:11:54]} Bxb3 {[%clk 00:21:27]} {[%emt 00:03:57]} 17. axb3 {[%clk 01:03:20]}
{[%emt 00:00:07]} Rad8 {[%clk 00:21:28]} {[%emt 00:00:28]} 18. Rd1 {[%clk
01:01:13]} {[%emt 00:02:38]} Ng6 {[%clk 00:19:51]} {[%emt 00:02:06]} 19. Nhf5
{[%clk 00:58:50]} {[%emt 00:02:52]} Nf6 {[%clk 00:16:34]} {[%emt 00:03:48]} 20.
Qf3 {[%clk 00:57:02]} {[%emt 00:02:17]} Bb6 {[%clk 00:14:14]} {[%emt 00:02:51]}
21. Nxh6+ {[%clk 00:56:18]} {[%emt 00:01:14]} Kh7 {[%clk 00:11:28]} {[%emt
00:03:17]} 22. Ng4 {[%clk 00:54:07]} {[%emt 00:02:41]} Nxg4 {[%clk 00:09:34]}
{[%emt 00:02:23]} 23. hxg4 {[%clk 00:53:12]} {[%emt 00:01:26]} Ne7 {[%clk
00:08:09]} {[%emt 00:01:56]} 24. Nf5 {[%clk 00:51:46]} {[%emt 00:01:56]} Kg8
{[%clk 00:07:13]} {[%emt 00:01:26]} 25. g3 {[%clk 00:40:59]} {[%emt 00:11:17]}
f6 {[%clk 00:05:39]} {[%emt 00:02:04]} 26. c4 {[%clk 00:39:53]} {[%emt
00:01:36]} Ba7 {[%clk 00:05:24]} {[%emt 00:00:45]} 27. Bd2 {[%clk 00:38:55]}
{[%emt 00:01:28]} Nxf5 {[%clk 00:04:13]} {[%emt 00:01:40]} 28. gxf5 {[%clk
00:39:17]} {[%emt 00:00:08]} Kf7 {[%clk 00:04:12]} {[%emt 00:00:31]} 29. Qg4
{[%clk 00:37:13]} {[%emt 00:02:34]} Ke8 {[%clk 00:04:10]} {[%emt 00:00:33]} 30.
Kg2 {[%clk 00:36:52]} {[%emt 00:00:52]} Qf7 {[%clk 00:03:57]} {[%emt 00:00:43]}
31. Rh1 {[%clk 00:36:47]} {[%emt 00:00:34]} Ke7 {[%clk 00:04:13]} {[%emt
00:00:15]} 32. Rh7 {[%clk 00:36:32]} {[%emt 00:00:45]} Rg8 {[%clk 00:04:38]}
{[%emt 00:00:05]} 33. Rah1 {[%clk 00:36:08]} {[%emt 00:00:53]} Kd6 {[%clk
00:04:37]} {[%emt 00:00:32]} 34. f4 {[%clk 00:33:38]} {[%emt 00:02:59]} Rd7
{[%clk 00:04:08]} {[%emt 00:00:59]} 35. b4 {[%clk 00:29:02]} {[%emt 00:05:07]}
Re7 {[%clk 00:03:38]} {[%emt 00:00:59]} 36. fxe5+ {[%clk 00:28:39]} {[%emt
00:00:53]} fxe5 {[%clk 00:03:52]} {[%emt 00:00:17]} 37. Qf3 {[%clk 00:26:40]}
{[%emt 00:02:28]} Qf8 {[%clk 00:03:39]} {[%emt 00:00:44]} 38. Qh5 {[%clk
00:24:45]} {[%emt 00:02:24]} Kd7 {[%clk 00:03:10]} {[%emt 00:00:59]} 39. g4
{[%clk 00:24:35]} {[%emt 00:00:41]} c6 {[%clk 00:03:09]} {[%emt 00:00:31]} 40.
Ra1 {[%clk 00:24:13]} {[%emt 00:00:51]} Bb6 {[%clk 00:03:16]} {[%emt 00:00:24]}
41. g5 {[%clk 00:24:05]} {[%emt 00:00:38]} Bd8 {[%clk 00:03:31]} {[%emt
00:00:14]} 42. b5 {[%clk 00:24:03]} {[%emt 00:00:32]} axb5 {[%clk 00:03:48]}
{[%emt 00:00:13]} 43. Bb4 {[%clk 00:24:25]} {[%emt 00:00:08]} bxc4 {[%clk
00:03:59]} {[%emt 00:00:18]} 44. dxc4 {[%clk 00:24:27]} {[%emt 00:00:28]} Kc7
{[%clk 00:04:10]} {[%emt 00:00:19]} 45. Qg6 {[%clk 00:24:00]} {[%emt 00:00:57]}
Kb8 {[%clk 00:04:16]} {[%emt 00:00:25]} 46. Qd6+ {[%clk 00:24:05]} {[%emt
00:00:25]} Bc7 {[%clk 00:04:31]} {[%emt 00:00:15]} 47. Qxe7 {[%clk 00:24:29]}
{[%emt 00:00:06]} Qxe7 {[%clk 00:04:57]} {[%emt 00:00:04]} 48. Bxe7 {[%clk
00:24:53]} {[%emt 00:00:06]} Kc8 {[%clk 00:05:15]} {[%emt 00:00:12]} 49. Ra8+
{[%clk 00:25:03]} {[%emt 00:00:20]} Kd7 {[%clk 00:05:38]} {[%emt 00:00:07]} 50.
Rxg8 {[%clk 00:25:26]} {[%emt 00:00:07]} Kxe7 {[%clk 00:06:05]} {[%emt
00:00:03]} 51. Rgxg7+ {[%clk 00:25:48]} {[%emt 00:00:09]} Kd6 {[%clk 00:06:26]}
{[%emt 00:00:09]} 52. b4 {[%clk 00:25:57]} {[%emt 00:00:21]} Bd8 {[%clk
00:06:36]} {[%emt 00:00:20]} 53. Rd7# {[%clk 00:25:47]} {[%emt 00:00:09]} 1-0

[Event "DVM U14 2024"]
[Site "Heidelberg GER"]
[Date "2024.12.30"]
[Round "7"]
[White "Bemmann, Carlo"]
[Black "Meusel, Theodor"]
[Result "1-0"]
[Termination "normal"]
[Board "6.4"]
[WhiteElo "1757"]
[BlackElo "1608"]
[WhiteClock "00:30:11"]
[BlackClock "00:38:52"]
[WhiteTeam "SSV Vimaria 91 Weimar"]
[BlackTeam "TSG Oberschöneweide"]
[PlyCount "39"]
[WhiteFideId "533010331"]
[BlackFideId "34617116"]
[EventCountry "GER"]
[EventRounds "7"]
[EventType "team-swiss"]
[EventDate "2024.12.26"]

1. d4 {[%clk 01:30:58]} {[%emt 00:00:02]} e6 {[%clk 01:30:55]} {[%emt
00:00:06]} 2. c4 {[%clk 01:30:43]} {[%emt 00:00:45]} Nf6 {[%clk 01:31:17]}
{[%emt 00:00:07]} 3. Nc3 {[%clk 01:30:20]} {[%emt 00:00:53]} Bb4 {[%clk
01:31:22]} {[%emt 00:00:26]} 4. e3 {[%clk 01:27:33]} {[%emt 00:03:18]} O-O
{[%clk 01:31:40]} {[%emt 00:00:11]} 5. Bd3 {[%clk 01:27:15]} {[%emt 00:00:48]}
c5 {[%clk 01:29:10]} {[%emt 00:03:00]} 6. Nge2 {[%clk 01:18:15]} {[%emt
00:09:29]} Nc6 {[%clk 01:27:55]} {[%emt 00:01:46]} 7. O-O {[%clk 01:13:41]}
{[%emt 00:05:03]} d5 {[%clk 01:27:00]} {[%emt 00:01:26]} 8. cxd5 {[%clk
01:00:34]} {[%emt 00:13:38]} exd5 {[%clk 01:25:05]} {[%emt 00:02:24]} 9. a3
{[%clk 00:59:33]} {[%emt 00:01:30]} c4 {[%clk 01:17:21]} {[%emt 00:08:14]} 10.
Bc2 {[%clk 00:54:58]} {[%emt 00:05:05]} Bd6 {[%clk 01:15:38]} {[%emt 00:02:12]}
11. f4 {[%clk 00:48:12]} {[%emt 00:07:17]} Ne7 {[%clk 01:08:15]} {[%emt
00:07:53]} 12. h3 {[%clk 00:45:04]} {[%emt 00:03:38]} Re8 {[%clk 01:02:31]}
{[%emt 00:06:13]} 13. Ng3 {[%clk 00:43:16]} {[%emt 00:02:19]} Ng6 {[%clk
00:58:16]} {[%emt 00:04:46]} 14. Nh5 {[%clk 00:40:47]} {[%emt 00:02:59]} Be7
{[%clk 00:47:48]} {[%emt 00:10:57]} 15. Nxf6+ {[%clk 00:37:35]} {[%emt
00:03:43]} Bxf6 {[%clk 00:48:07]} {[%emt 00:00:10]} 16. Qh5 {[%clk 00:37:45]}
{[%emt 00:00:20]} Nf8 {[%clk 00:43:39]} {[%emt 00:04:57]} 17. Nxd5 {[%clk
00:33:34]} {[%emt 00:04:42]} Be6 {[%clk 00:40:57]} {[%emt 00:03:12]} 18. Nxf6+
{[%clk 00:31:39]} {[%emt 00:02:26]} Qxf6 {[%clk 00:41:20]} {[%emt 00:00:06]}
19. Bd2 {[%clk 00:30:57]} {[%emt 00:01:13]} Bd5 {[%clk 00:38:52]} {[%emt
00:02:58]} 20. Qxd5 {[%clk 00:30:11]} {[%emt 00:01:16]} 1-0

[Event "DVM U14 2024"]
[Site "Heidelberg GER"]
[Date "2024.12.30"]
[Round "7"]
[White "Mandalka, Justus"]
[Black "Rössler, Leo"]
[Result "1-0"]
[Termination "normal"]
[Board "7.1"]
[WhiteElo "2059"]
[BlackElo "1589"]
[WhiteClock "00:39:47"]
[BlackClock "00:18:57"]
[WhiteTeam "SK Bad Homburg 1927"]
[BlackTeam "SG Turm Leipzig"]
[PlyCount "63"]
[WhiteFideId "16298144"]
[BlackFideId "34640525"]
[EventCountry "GER"]
[EventRounds "7"]
[EventType "team-swiss"]
[EventDate "2024.12.26"]

1. e4 {[%clk 01:30:58]} {[%emt 00:00:02]} d6 {[%clk 01:30:51]} {[%emt
00:00:09]} 2. d4 {[%clk 01:31:24]} {[%emt 00:00:04]} Nf6 {[%clk 01:31:13]}
{[%emt 00:00:08]} 3. Nc3 {[%clk 01:31:48]} {[%emt 00:00:06]} g6 {[%clk
01:31:08]} {[%emt 00:00:35]} 4. Be3 {[%clk 01:31:45]} {[%emt 00:00:32]} Bg7
{[%clk 01:31:11]} {[%emt 00:00:27]} 5. f3 {[%clk 01:32:01]} {[%emt 00:00:14]}
c6 {[%clk 01:30:36]} {[%emt 00:01:04]} 6. Qd2 {[%clk 01:31:32]} {[%emt
00:01:00]} a6 {[%clk 01:29:08]} {[%emt 00:01:59]} 7. O-O-O {[%clk 01:30:48]}
{[%emt 00:01:12]} b5 {[%clk 01:27:52]} {[%emt 00:01:47]} 8. h4 {[%clk
01:27:26]} {[%emt 00:03:52]} h5 {[%clk 01:26:25]} {[%emt 00:01:56]} 9. Nh3
{[%clk 01:22:07]} {[%emt 00:05:50]} Qa5 {[%clk 01:20:29]} {[%emt 00:06:26]} 10.
Kb1 {[%clk 01:22:04]} {[%emt 00:00:33]} b4 {[%clk 01:14:59]} {[%emt 00:06:00]}
11. Ne2 {[%clk 01:22:26]} {[%emt 00:00:07]} Bxh3 {[%clk 01:04:36]} {[%emt
00:10:54]} 12. Rxh3 {[%clk 01:22:45]} {[%emt 00:00:11]} Nbd7 {[%clk 01:04:32]}
{[%emt 00:00:34]} 13. Nc1 {[%clk 01:20:01]} {[%emt 00:03:14]} Rb8 {[%clk
00:53:23]} {[%emt 00:11:39]} 14. Nb3 {[%clk 01:18:17]} {[%emt 00:02:14]} Qb6
{[%clk 00:50:02]} {[%emt 00:03:51]} 15. e5 {[%clk 01:18:19]} {[%emt 00:00:28]}
Nd5 {[%clk 00:49:24]} {[%emt 00:01:07]} 16. exd6 {[%clk 01:18:41]} {[%emt
00:00:08]} exd6 {[%clk 00:49:21]} {[%emt 00:00:33]} 17. Bc4 {[%clk 01:16:27]}
{[%emt 00:02:45]} N7f6 {[%clk 00:45:53]} {[%emt 00:03:58]} 18. Bf4 {[%clk
01:15:35]} {[%emt 00:01:21]} Kd7 {[%clk 00:42:24]} {[%emt 00:04:00]} 19. g4
{[%clk 01:11:18]} {[%emt 00:04:47]} hxg4 {[%clk 00:39:46]} {[%emt 00:03:09]}
20. fxg4 {[%clk 01:11:34]} {[%emt 00:00:14]} a5 {[%clk 00:38:51]} {[%emt
00:01:26]} 21. g5 {[%clk 00:55:52]} {[%emt 00:16:11]} Ne4 {[%clk 00:35:32]}
{[%emt 00:03:49]} 22. Qg2 {[%clk 00:50:25]} {[%emt 00:05:57]} Nxf4 {[%clk
00:28:22]} {[%emt 00:07:39]} 23. Qg4+ {[%clk 00:50:51]} {[%emt 00:00:04]} Ne6
{[%clk 00:27:42]} {[%emt 00:01:10]} 24. Bxe6+ {[%clk 00:51:16]} {[%emt
00:00:06]} fxe6 {[%clk 00:27:48]} {[%emt 00:00:24]} 25. Qxe4 {[%clk 00:51:42]}
{[%emt 00:00:04]} Rhe8 {[%clk 00:23:35]} {[%emt 00:04:42]} 26. Qxg6 {[%clk
00:51:35]} {[%emt 00:00:37]} Re7 {[%clk 00:23:51]} {[%emt 00:00:15]} 27. Nc5+
{[%clk 00:51:45]} {[%emt 00:00:20]} Kc7 {[%clk 00:22:06]} {[%emt 00:02:15]} 28.
Nxe6+ {[%clk 00:51:51]} {[%emt 00:00:23]} Kb7 {[%clk 00:22:14]} {[%emt
00:00:22]} 29. Rhd3 {[%clk 00:51:20]} {[%emt 00:01:01]} Bh8 {[%clk 00:21:10]}
{[%emt 00:01:34]} 30. Rf3 {[%clk 00:42:21]} {[%emt 00:09:29]} Qb5 {[%clk
00:19:00]} {[%emt 00:02:40]} 31. Rf7 {[%clk 00:39:42]} {[%emt 00:03:08]} Rbe8
{[%clk 00:18:57]} {[%emt 00:00:33]} 32. Qh7 {[%clk 00:39:47]} {[%emt 00:00:26]}
1-0